000 00741cam a2200265 4500
001 B1207
008 090401t1985 xxu||||| |||| 00| 0 eng d
035 _a(Sirsi) u43171
041 _aeng
050 _a333.3321
110 _aInternational Assets Valuation Standards Committee
_92050
245 _aGuidance notes with background papers on the valuation of fixed assets
260 _aLondon
_bTIAVSC
_c1985-
300 _a16 booklets in folder ; 21cm.
350 _a17.5
650 _aALTERNATIVE USE VALUE
650 _aASSETS
650 _aDEPRECIATION
650 _aEXISTING USE VALUE
650 _aLEASEHOLD INTERESTS
650 _aNEGATIVE VALUES
650 _aPLANT AND MACHINERY
942 _n0
948 _c04/03/1997
999 _c91260
_d91260